All 5k+ cities in Vermont on a map - Statistics

General Stats
  • This quiz has been taken 4 times
  • The average score is 7 of 29
Answers on the Map
Answers color-coded by a green-red scale on the quiz's map according to % correct below.
 
Answer Stats
City Population % Correct
Burlington 44,743
100%
Montpelier 8,074
100%
Rutland 15,807
67%
Barre 8,491
33%
Barre 7,923
33%
Bennington 15,333
33%
Brattleboro 12,184
33%
Colchester 17,524
33%
Essex 11,540
33%
Essex Junction 10,590
33%
Hartford 10,686
33%
South Burlington 20,292
33%
Springfield 9,062
33%
St. Albans 6,988
33%
St. Albans 6,887
33%
Winooski 7,997
33%
Fairfax 5,014
0%
Jericho 5,104
0%
Lyndon 5,491
0%
Middlebury 9,152
0%
Milton 10,723
0%
Morristown 5,434
0%
Northfield 5,918
0%
Shelburne 7,717
0%
St. Johnsbury 7,364
0%
Stowe 5,223
0%
Swanton 6,701
0%
Waterbury 5,331
0%
Williston 10,103
0%
No matching quizzes found
Score Distribution
Percent of People with Each Score
Percentile by Number Answered
Your Score History
You have not taken this quiz